00000000nam 2200000zi 4500
0019.940608
003CaOODSP
00520250109074652
006m     o  d f      
007cr mn|||||||||
008240716s1977    onca    or   f000 0 eng d
040 |aCaOODSP|beng|erda|cCaOODSP
0410 |aeng|afre|aspa
043 |an-cn---
045 |ax7x7
0861 |aId35-16/1977-PDF
24500|aIntegrated dairy farming in Canada = |bL'industrie laitière rationalisée au Canada = La industria lechera integrada en Canada.
24611|aIndustrie laitière rationalisée au Canada
24611|aIndustria lechera integrada en Canada
264 1|aOttawa, Canada : |bGovernment of Canada, Industry, Trade and Commerce = Gouvernement du Canada, Industrie et commerce, |c1977.
300 |a1 online resource (56 pages) : |billustrations (some colour)
336 |atext|btxt|2rdacontent
337 |acomputer|bc|2rdamedia
338 |aonline resource|bcr|2rdacarrier
500 |a"Published by the Department of Industry, Trade and Commerce, …"
500 |aDigitized edition from print [produced by Innovation, Science and Economic Development Canada].
546 |aText in English, French and Spanish.
650 0|aDairying|zCanada|xEquipment and supplies|vDirectories.
650 0|aCattle trade|zCanada|vDirectories.
650 0|aAgricultural machinery industry|zCanada|vDirectories.
650 0|aDairy cattle|xFeeding and feeds|zCanada|vDirectories.
655 7|aDirectories|2lcgft
7101 |aCanada. |bDepartment of Industry, Trade and Commerce, |eissuing body.
788 |tIntegrated dairy farming in Canada = |efre|w(CaOODSP)9.946643
85640|qPDF|s13.50 MB|uhttps://publications.gc.ca/collections/collection_2025/isde-ised/Id35-16-1977.pdf